000 00714nam a22001937a 4500
999 _c19029
_d19029
003 AR-CdUCM
008 190504b ||||| |||| 00| 0 spa d
040 _aMUNICIPALIDAD PROVINCIAL DEL CUSCO
_cBIBLIOTECA MUNICIPAL DEL CUSCO
082 _a869.23 /
_bS23
100 _aSarmiento, Domingo Faustino
_936325
245 _aRecuerdos de provincia /
260 _aBuenos Aires :
_bSopena,
_c1939
300 _a187 páginas ;
_c24 cm.
505 _aContenido: Recuerdo de provincia en la obra literaria de Domingo Faustino Sarmiento -- Los huarpes -- Los oro -- La historia de mi madre ...
650 _aBiografías históricas
_96252
650 _aArgentina
_9511
942 _2ddc
_cLIBROS
945 _apjha
_d2019-05-16